Mountain, Sea and Happiness (Registro nro. 8137)
[ vista simple ]
| 000 -CABECERA | |
|---|---|
| Campo de control | 01070nam a22002297a 4500 |
| 005 - FECHA Y HORA DE LA ULTIMA TRANSACCION | |
| Campo de control | 20140312084409.0 |
| 008 - ELEMENTOS DE LONGITUD FIJA—INFORMACION GENERAL | |
| Campo de control | 140224s2011 ko ab gr|||| 00| 0 eng d |
| 041 ## - IDIOMA | |
| Código de idioma para texto/pista de sonido o título separado | Inglés |
| 082 ## - NUMERO DE CLASIFICACION DECIMAL DEWEY | |
| Número de clasificación | 555 |
| Número del ítem | K84m |
| 110 2# - ASIENTO PRINCIPAL--NOMBRE CORPORATIVO | |
| Nombre corporativo o de jurisdicción como elemento de entrada | Korea Natinal Park Service |
| Unidad subordinad | Oficina de Gestión de Rendimiento |
| 242 10 - TRADUCCION DEL TITULO POR LA AGENCIA CATALOGADORA | |
| Título | Montaña, Mar y Felicidad |
| Parte restante del título | Reporte de Sostenibilidad 2011 |
| Mención de responsabilidad | Korea National Park Services |
| Código de idioma del título traducido | spa |
| 245 10 - MENCION DE TITULO | |
| Título | Mountain, Sea and Happiness |
| Parte restante del título | Sustainability Report 2011 |
| Mención de responsabilidad | Korea National Park Services |
| 260 3# - PUBLICACION, DISTRIBUCION, ETC. (PIE DE IMPRENTA) | |
| Lugar de publicación, distribución, etc. | Seoul |
| Nombre del editor, distribuidor, etc. | Korea National Park Services |
| Fecha de publicación, distribución, etc. | 2011 |
| 300 ## - DESCRIPCION FISICA | |
| Extensión | 74 p. |
| Otros detalles físicos | il., fot., mapas, gráficas, tablas |
| Dimensiones | 28 cm |
| Material acompañante | Opinión del Lector (desprendible) y publicidad |
| 505 2# - NOTA DE CONTENIDO | |
| Nota de contenido | Reporte Especial 1 p. 23 ; Resporte Especial 2 p. 33 ; Ambiente p. 39 ; Sociedad p. 47 ; Economía p. 61 |
| 590 ## - NOTA LOCAL | |
| Nota local | 242 Es el titulo traducido por la agencia catalogadora |
| 650 #4 - ASIENTO SECUNDARIO DE MATERIA - TERMINO TEMATICO | |
| Término temático o nombre geográfico como elemento de entrada | Sostenibilidad |
| Subdivisión de forma | Reporte |
| Subdivisión geográfica | Seoul |
| 650 #4 - ASIENTO SECUNDARIO DE MATERIA - TERMINO TEMATICO | |
| Término temático o nombre geográfico como elemento de entrada | Ambiente |
| Subdivisión de forma | Reporte |
| Subdivisión geográfica | Seoul |
| 650 #4 - ASIENTO SECUNDARIO DE MATERIA - TERMINO TEMATICO | |
| Término temático o nombre geográfico como elemento de entrada | Sociedad |
| Subdivisión de forma | Reporte |
| Subdivisión geográfica | Seoul |
| 650 #4 - ASIENTO SECUNDARIO DE MATERIA - TERMINO TEMATICO | |
| Término temático o nombre geográfico como elemento de entrada | Economia |
| Subdivisión de forma | Reporte |
| Subdivisión geográfica | Seoul |
| 942 ## - ELEMENTOS ADICIONALES (KOHA) | |
| Sistema de clasificación | Dewey Decimal Classification |
| Tipo de ítem | Impreso |
| Withdrawn status | Lost status | Sistema de Clasificación | Damaged status | No para préstamo | Colección | Inventariado | Ubicación Permanente | Ubicación actual | Fecha de adquisición | Fuente de Valor | Valor | Total Checkouts | Número topográfico | Inventario / Código de Barras | Date last seen | Ejemplar | Price effective from | Forma de adquisición | Tipo de material |
|---|---|---|---|---|---|---|---|---|---|---|---|---|---|---|---|---|---|---|---|
| Dewey Decimal Classification | General | Inventariado 2017 | Bogotá | Bogotá | 24/02/2014 | Instituto | 39000.00 | LB-555 K84m | 034050 | 24/02/2014 | Ej. 1 | 24/02/2014 | Libro |